[Event "ch-CHN w 2013"]
[Site "Xinghua CHN"]
[Date "2013.04.16"]
[Round "1.4"]
[White "Tan, Zhongyi"]
[Black "Lei, Tingjie"]
[Result "1/2-1/2"]
[WhiteElo "2483"]
[BlackElo "2232"]
[PlyCount "59"]
[EventDate "2013.04.16"]

1. d4 d5 2. c4 c6 3. cxd5 cxd5 4. Bf4 Nf6 5. Nc3 Nc6 6. e3 Bf5 7. Rc1 e6 8. Qb3
Bb4 9. Bb5 O-O 10. Nge2 Qe7 11. a3 Bxc3+ 12. Nxc3 Rfc8 13. O-O Na5 14. Qd1 a6
15. Be2 b5 16. g4 Bg6 17. h4 h6 18. h5 Bh7 19. g5 hxg5 20. Bxg5 b4 21. Na4 bxa3
22. bxa3 Qe8 23. Bxf6 Rxc1 24. Qxc1 Qxa4 25. Be5 Nc4 26. Bxc4 Qxc4 27. Qd1 Bf5
28. Qd2 Qc2 29. Qxc2 Bxc2 30. Rc1 1/2-1/2

[Event "ch-CHN w 2013"]
[Site "Xinghua CHN"]
[Date "2013.04.20"]
[Round "5.4"]
[White "Guo, Qi"]
[Black "Ren, Xiaoyi"]
[Result "1-0"]
[WhiteElo "2439"]
[BlackElo "2212"]
[PlyCount "69"]
[EventDate "2013.04.16"]

1. d4 Nf6 2. c4 g6 3. Nc3 Bg7 4. e4 d6 5. Nf3 O-O 6. Be2 e5 7. O-O Nc6 8. d5
Ne7 9. b4 a5 10. Ba3 Nh5 11. c5 f5 12. b5 b6 13. cxd6 cxd6 14. Re1 Nf4 15. Bf1
Kh8 16. Nd2 Bb7 17. Nc4 fxe4 18. Bxd6 Rf5 19. Nxe4 Nexd5 20. Ng3 Qg5 21. Qb3 a4
22. Qa3 Nf6 23. Bxe5 Bf8 24. Qc3 N4d5 25. Qc1 Bc5 26. Nxf5 Qxf5 27. Re2 Kg8 28.
Nd6 Bxd6 29. Bxd6 Ne4 30. Bg3 Rc8 31. Qe1 Nf4 32. Bxf4 Qxf4 33. Qb4 Rc5 34.
Rae1 Rh5 35. g3 1-0

[Event "ch-CHN w 2013"]
[Site "Xinghua CHN"]
[Date "2013.04.22"]
[Round "6.1"]
[White "Kuang, Yinghui"]
[Black "Lei, Tingjie"]
[Result "1/2-1/2"]
[WhiteElo "2212"]
[BlackElo "2232"]
[PlyCount "144"]
[EventDate "2013.04.16"]

1. e4 e5 2. Nf3 Nc6 3. Bb5 Nf6 4. d3 Bc5 5. O-O Nd4 6. Nxd4 Bxd4 7. Nd2 c6 8.
Ba4 d6 9. c3 Bb6 10. Bb3 O-O 11. Nc4 Bc7 12. Ne3 d5 13. f3 Be6 14. Nc2 a5 15.
Ne3 Qd7 16. Qe1 a4 17. Bc2 d4 18. Nd1 b5 19. cxd4 Bb6 20. Be3 Bxd4 21. Bxd4
Qxd4+ 22. Qf2 c5 23. a3 Qd6 24. Nc3 b4 25. Ne2 b3 26. Bd1 Rfd8 27. Nc3 Qxd3 28.
Be2 Qd7 29. Bb5 Qc7 30. Bxa4 Rd4 31. Bb5 Rad8 32. Rfd1 Qa5 33. Bf1 h6 34. Rab1
Kh7 35. Re1 Rd2 36. Re2 Rxb2 37. Rbxb2 Qxc3 38. Re3 Qa5 39. Rexb3 Bxb3 40. Rxb3
Rd1 41. Qe2 Ra1 42. Qe3 Qa6 43. Rd3 Nd7 44. Kf2 Nb6 45. Rd1 Ra2+ 46. Kg1 Qxa3
47. Qxa3 Rxa3 48. Rd6 Rb3 49. Rc6 Na4 50. Bc4 Rb1+ 51. Kf2 Rb2+ 52. Kg3 Rb7 53.
Bd5 Rd7 54. Bb3 Nc3 55. Rxc5 Ne2+ 56. Kf2 Nf4 57. Rc2 Nd3+ 58. Kg3 Nf4 59. h4
g5 60. hxg5 hxg5 61. Kh2 Kg7 62. g3 Nh5 63. Rc5 Rd3 64. Bc2 Rxf3 65. Bd1 Rf2+
66. Kg1 Nxg3 67. Rxe5 Rf1+ 68. Kg2 f6 69. Re7+ Kg6 70. Ba4 f5 71. Kxg3 fxe4 72.
Rxe4 Rf4 1/2-1/2

[Event "ch-CHN w 2013"]
[Site "Xinghua CHN"]
[Date "2013.04.22"]
[Round "6.3"]
[White "Ren, Xiaoyi"]
[Black "Zhai, Mo"]
[Result "0-1"]
[WhiteElo "2212"]
[BlackElo "2259"]
[PlyCount "76"]
[EventDate "2013.04.16"]

1. d4 Nf6 2. c4 e6 3. Nf3 d5 4. e3 Be7 5. Nc3 O-O 6. Bd3 b6 7. O-O Bb7 8. cxd5
exd5 9. Nh4 Re8 10. Nf5 Bf8 11. Qc2 c5 12. dxc5 bxc5 13. Bb5 Re6 14. Rd1 Qb6
15. Be2 Nc6 16. Na4 Qc7 17. Bd2 Ne5 18. f3 Rc8 19. Rac1 Qb8 20. b3 h5 21. h3 g6
22. Nh4 Ned7 23. Bd3 Bg7 24. Rf1 Qd6 25. Qb1 Qe7 26. f4 Ne4 27. Be1 Rd6 28. f5
Bh6 29. fxg6 Bxe3+ 30. Bf2 Bxf2+ 31. Rxf2 fxg6 32. Rf4 Qe5 33. Rcf1 Nd2 34. Qc2
Nxf1 35. Nxg6 Rxg6 36. Rxf1 Rg7 37. Rf5 Qe3+ 38. Kh1 Re8 0-1

[Event "ch-CHN w 2013"]
[Site "Xinghua CHN"]
[Date "2013.04.22"]
[Round "6.5"]
[White "Ding, Yixin"]
[Black "Ni, Shiqun"]
[Result "1/2-1/2"]
[WhiteElo "2427"]
[BlackElo "2213"]
[PlyCount "133"]
[EventDate "2013.04.16"]

1. e4 e5 2. Nf3 Nf6 3. Nxe5 d6 4. Nf3 Nxe4 5. Nc3 Nxc3 6. dxc3 Be7 7. Be3 Nc6
8. Qd2 Be6 9. O-O-O Qd7 10. Ng5 Bxg5 11. Bxg5 f6 12. Be3 a6 13. c4 O-O-O 14.
Qc3 Rhe8 15. h3 h5 16. Be2 Qf7 17. b3 Bf5 18. g4 Be4 19. Rhg1 hxg4 20. hxg4 g5
21. Kb2 Re7 22. Rg3 Qg6 23. b4 Ne5 24. b5 axb5 25. cxb5 Qf7 26. Rd4 Bd5 27. Ra4
Kd7 28. b6 cxb6 29. Bxb6 Rc8 30. Bb5+ Bc6 31. Ra7 Ke8 32. Rh3 Qg8 33. Bd4 Kf7
34. Bxe5 Bxb5 35. Qf3 dxe5 36. Qd5+ Kg7 37. Qxb5 Qc4 38. Qxc4 Rxc4 39. Rb3 Rec7
40. c3 Rxg4 41. Rbxb7 Rxb7+ 42. Rxb7+ Kg6 43. Rd7 Rg2 44. Rd2 g4 45. Kc2 Rh2
46. c4 Rh8 47. a4 f5 48. c5 f4 49. Kc3 Kf5 50. Rd7 Rc8 51. Kc4 Ke6 52. Rg7 g3
53. fxg3 f3 54. Rh7 Kf5 55. a5 Kg4 56. Kd5 f2 57. Rf7 Kxg3 58. a6 e4 59. Kxe4
Rxc5 60. Rg7+ Kh3 61. Rh7+ Kg2 62. Rg7+ Kf1 63. a7 Ra5 64. Kd3 Ke1 65. Re7+ Kd1
66. Rf7 Ra3+ 67. Kc4 1/2-1/2

[Event "ch-CHN w 2013"]
[Site "Xinghua CHN"]
[Date "2013.04.22"]
[Round "6.6"]
[White "Li, Xueyi"]
[Black "Tan, Zhongyi"]
[Result "0-1"]
[WhiteElo "2135"]
[BlackElo "2483"]
[PlyCount "89"]
[EventDate "2013.04.16"]

1. d4 d5 2. c4 e6 3. Nc3 Bb4 4. Nf3 Nf6 5. cxd5 exd5 6. Bg5 h6 7. Bh4 c5 8. e3
c4 9. Nd2 g5 10. Bg3 Bf5 11. Be2 Nc6 12. O-O O-O 13. f3 Re8 14. Bf2 Bxc3 15.
bxc3 b5 16. h4 Qe7 17. Re1 Qa3 18. hxg5 hxg5 19. e4 Bg6 20. Rc1 Qxa2 21. e5 Nh7
22. Nf1 b4 23. f4 b3 24. Bh5 gxf4 25. Bxg6 fxg6 26. Qg4 Kh8 27. Nh2 Nd8 28. Nf3
Ne6 29. Qxg6 Re7 30. Qh6 Rg8 31. Nh4 f3 32. Ra1 Qb2 33. Rab1 Qxc3 34. Ng6+ Rxg6
35. Qxg6 Qd2 36. Qh5 Rg7 37. Qxf3 Nhg5 38. Qh5+ Kg8 39. Be3 Qc2 40. Rbc1 Qf5
41. Qe8+ Nf8 42. Rf1 Nf3+ 43. Kf2 Nxe5+ 44. Kg1 Nf3+ 45. Kf2 0-1

[Event "ch-CHN w 2013"]
[Site "Xinghua CHN"]
[Date "2013.04.23"]
[Round "7.3"]
[White "Guo, Qi"]
[Black "Ding, Yixin"]
[Result "1-0"]
[WhiteElo "2439"]
[BlackElo "2427"]
[PlyCount "87"]
[EventDate "2013.04.16"]

1. d4 Nf6 2. c4 e6 3. Nc3 d5 4. Bg5 Bb4 5. e3 c5 6. cxd5 exd5 7. dxc5 Nbd7 8.
Rc1 Qa5 9. Nf3 Ne4 10. Qxd5 Nxc3 11. bxc3 Bxc3+ 12. Kd1 O-O 13. Bc4 Nf6 14.
Bxf6 Bxf6 15. Ke2 Bg4 16. c6 Qxd5 17. Bxd5 bxc6 18. Rxc6 Rab8 19. Rhc1 Rfd8 20.
e4 Bd4 21. R1c2 Bb6 22. h3 Bxf3+ 23. Kxf3 Kf8 24. g4 Ke7 25. Kg3 Ba5 26. g5 Rb1
27. h4 Rdb8 28. Kg2 Rf8 29. h5 f5 30. h6 g6 31. e5 Rb5 32. Re6+ Kd8 33. Bc6 Rb4
34. Rf6 Ke7 35. Bd5 Rd8 36. Rc5 Bb6 37. Rf7+ Ke8 38. e6 Bxc5 39. Bc6+ Rd7 40.
exd7+ Kd8 41. Rxh7 Kc7 42. Rh8 Be7 43. Rc8+ Kd6 44. h7 1-0

[Event "ch-CHN w 2013"]
[Site "Xinghua CHN"]
[Date "2013.04.23"]
[Round "7.4"]
[White "Zhai, Mo"]
[Black "Zhang, Xiaowen"]
[Result "1-0"]
[WhiteElo "2259"]
[BlackElo "2367"]
[PlyCount "105"]
[EventDate "2013.04.16"]

1. e4 e6 2. d4 d5 3. Nd2 c5 4. Ngf3 Nc6 5. exd5 exd5 6. Bb5 cxd4 7. O-O Bd6 8.
Nb3 Nge7 9. Nbxd4 O-O 10. Bd3 h6 11. c3 Bg4 12. Qb3 a6 13. Be3 Bc7 14. h3 Bh5
15. Qa3 Qd7 16. Rfe1 Rfe8 17. Rac1 Rad8 18. Bd2 Bb8 19. Bf1 Bg6 20. Be3 Be4 21.
Nd2 Nxd4 22. cxd4 Bg6 23. g3 Nf5 24. Bg2 Re7 25. Nf3 Rde8 26. Bd2 Re2 27. Qc5
Rxe1+ 28. Bxe1 f6 29. Ba5 Bf7 30. Nh2 Ne7 31. Re1 Bd6 32. Qb6 Rc8 33. Bf3 Bc7
34. Qxb7 Nc6 35. Bxc7 Rxc7 36. Qxa6 Nxd4 37. Bg2 Nc2 38. Rd1 d4 39. Nf3 Bc4 40.
Qa8+ Rc8 41. Qe4 d3 42. Bf1 Bd5 43. Qxd3 Nb4 44. Qd4 Qb7 45. Nh4 Bxa2 46. Nf5
Bb3 47. Nd6 Qf3 48. Qxb4 Rc2 49. Qb8+ Kh7 50. Bd3+ f5 51. Bxf5+ g6 52. Bxc2
Bxc2 53. Qc7+ 1-0

[Event "ch-CHN w 2013"]
[Site "Xinghua CHN"]
[Date "2013.04.23"]
[Round "7.6"]
[White "Lei, Tingjie"]
[Black "Wang, Jue"]
[Result "1-0"]
[WhiteElo "2232"]
[BlackElo "2401"]
[PlyCount "159"]
[EventDate "2013.04.16"]

1. Nf3 Nf6 2. g3 g6 3. Bg2 Bg7 4. c4 c6 5. O-O d5 6. d4 O-O 7. Qb3 b6 8. Nc3
Bb7 9. Ne5 e6 10. Rd1 Nbd7 11. Bg5 Qc8 12. Rac1 Nxe5 13. cxd5 Nxd5 14. dxe5 Qe8
15. Ne4 Bxe5 16. f4 Bg7 17. Nd6 Qd7 18. Nxb7 Qxb7 19. e4 Ne7 20. Qa3 Rfe8 21.
Qd6 h6 22. Bxe7 Qxe7 23. e5 Rad8 24. Qxe7 Rxd1+ 25. Rxd1 Rxe7 26. Bxc6 Rc7 27.
Rc1 Bf8 28. Kg2 Rc8 29. Kf3 Rd8 30. Ke2 Bc5 31. h3 Rd4 32. b3 a5 33. Rc4 Rd8
34. Be4 Kg7 35. Rc3 Rd4 36. Rc4 Rd7 37. Rc3 Bb4 38. Rd3 Rc7 39. Rd1 Rc3 40. Bd3
g5 41. Kf3 Bc5 42. Kg4 Be7 43. f5 exf5+ 44. Kxf5 Ba3 45. h4 Rc5 46. hxg5 hxg5
47. Bc4 b5 48. Bd5 Rc2 49. Kxg5 Re2 50. Kf4 Rf2+ 51. Kg4 b4 52. Bc4 Bb2 53. Rd5
Bc3 54. Rxa5 Kg6 55. Ra6+ Kg7 56. e6 fxe6 57. Bxe6 Rf6 58. Ra7+ Kg6 59. Bd5 Rd6
60. Be4+ Kf6 61. Kf3 Rd2 62. g4 Be5 63. Ra5 Rd7 64. g5+ Ke6 65. g6 Kf6 66. a3
Rc7 67. Kg4 bxa3 68. Ra6+ Kg7 69. Rxa3 Bd6 70. Ra6 Bc5 71. Kf5 Bd4 72. Ke6 Bc5
73. Kd5 Bf8 74. Rb6 Rd7+ 75. Ke5 Bc5 76. Rb5 Bd4+ 77. Kf5 Rd6 78. Rb7+ Kg8 79.
Bd3 Rd5+ 80. Ke4 1-0

[Event "ch-CHN w 2013"]
[Site "Xinghua CHN"]
[Date "2013.04.24"]
[Round "8.2"]
[White "Ren, Xiaoyi"]
[Black "Lei, Tingjie"]
[Result "1/2-1/2"]
[WhiteElo "2212"]
[BlackElo "2232"]
[PlyCount "60"]
[EventDate "2013.04.16"]

1. d4 d5 2. c4 c6 3. cxd5 cxd5 4. Nf3 Nf6 5. Nc3 Nc6 6. Bf4 Bf5 7. e3 e6 8. Bb5
Nd7 9. O-O Rc8 10. Rc1 a6 11. Bd3 Bxd3 12. Qxd3 Be7 13. a3 O-O 14. e4 dxe4 15.
Nxe4 Nf6 16. Rfd1 Qb6 17. Bg5 Qxb2 18. Nxf6+ gxf6 19. Bh6 Rfd8 20. Qe4 Bf8 21.
Qg4+ Kh8 22. Bxf8 Rxf8 23. Qh4 Kg7 24. Qg4+ Kh8 25. Qh4 Kg7 26. Qg4+ Kh8 27.
Qh4 Kg7 28. Qg4+ Kh8 29. Qh4 Kg7 30. Qg4+ Kh8 1/2-1/2

[Event "ch-CHN w 2013"]
[Site "Xinghua CHN"]
[Date "2013.04.24"]
[Round "8.4"]
[White "Ding, Yixin"]
[Black "Zhai, Mo"]
[Result "1-0"]
[WhiteElo "2427"]
[BlackElo "2259"]
[PlyCount "105"]
[EventDate "2013.04.16"]

1. e4 c5 2. Nf3 d6 3. d4 cxd4 4. Qxd4 a6 5. c4 Nc6 6. Qe3 Nf6 7. h3 g6 8. Be2
Bg7 9. O-O O-O 10. Rd1 Nd7 11. Nc3 Nb4 12. Rb1 b6 13. a3 Nc6 14. b4 Bb7 15. Bb2
Rc8 16. Nd5 e6 17. Nc3 Nde5 18. c5 bxc5 19. bxc5 Nxf3+ 20. gxf3 Qh4 21. Na4 Bh6
22. Qb3 Qg5+ 23. Kf1 Qh4 24. Qxb7 Qxh3+ 25. Ke1 Qh1+ 26. Bf1 Qxf3 27. Nc3 Ne5
28. Rxd6 Rb8 29. c6 Rxb7 30. cxb7 Ng4 31. Rd2 Bxd2+ 32. Kxd2 Qf4+ 33. Kc2 Qxf2+
34. Be2 Ne3+ 35. Kb3 Rb8 36. Bxa6 Qc2+ 37. Ka2 Qd2 38. Rc1 Qd6 39. Nd5 f5 40.
Rc8+ Kf7 41. Rc7+ Qxc7 42. Nxc7 f4 43. Be5 f3 44. Nxe6 Rxb7 45. Ng5+ Ke7 46.
Bxb7 f2 47. Ba6 h6 48. Nf3 f1=Q 49. Bxf1 Nxf1 50. Kb3 g5 51. Kc3 g4 52. Nh4 Ke6
53. Bf4 1-0

[Event "ch-CHN w 2013"]
[Site "Xinghua CHN"]
[Date "2013.04.24"]
[Round "8.5"]
[White "Li, Xueyi"]
[Black "Guo, Qi"]
[Result "1-0"]
[WhiteElo "2135"]
[BlackElo "2439"]
[PlyCount "91"]
[EventDate "2013.04.16"]

1. d4 Nf6 2. c4 e6 3. Nc3 Bb4 4. e3 O-O 5. Bd3 d5 6. Nf3 c5 7. O-O Nc6 8. a3
Bxc3 9. bxc3 Qc7 10. cxd5 exd5 11. a4 Re8 12. Ba3 c4 13. Bc2 Bg4 14. Qe1 Bxf3
15. gxf3 a6 16. Kh1 Kh8 17. Rg1 g6 18. Qd2 b5 19. Rae1 Rad8 20. e4 dxe4 21.
fxe4 Nh5 22. Bc1 f6 23. Qh6 Qg7 24. Qxg7+ Nxg7 25. axb5 axb5 26. Be3 Ra8 27.
Rb1 Ra3 28. Rxb5 Rxc3 29. Ba4 Ra3 30. Bc2 Rc3 31. Bb1 Rc8 32. Rc5 Ne7 33. d5
Ne8 34. Bd4 Rxc5 35. Bxc3 Rb5 36. d6 Nc6 37. d7 Ng7 38. Bxf6 Rb8 39. Rd1 Nd8
40. Ba2 Kg8 41. Bxc4+ Kf8 42. Rc1 Nh5 43. Bg5 h6 44. Bxh6+ Ke7 45. Rd1 Nf6 46.
Bg5 1-0

[Event "ch-CHN w 2013"]
[Site "Xinghua CHN"]
[Date "2013.04.25"]
[Round "9.2"]
[White "Guo, Qi"]
[Black "Tan, Zhongyi"]
[Result "1-0"]
[WhiteElo "2439"]
[BlackElo "2483"]
[PlyCount "103"]
[EventDate "2013.04.16"]

1. d4 d5 2. c4 e6 3. Nf3 Nf6 4. Nc3 Bb4 5. Bg5 Nbd7 6. cxd5 exd5 7. e3 c5 8.
dxc5 O-O 9. Rc1 h6 10. Bxf6 Nxf6 11. Qb3 Qa5 12. a3 Bxc5 13. Be2 Be6 14. O-O
Bb6 15. Qa4 Ne4 16. Qxa5 Bxa5 17. Nxe4 dxe4 18. Nd4 Bd7 19. Bc4 Rfe8 20. Bd5
Rab8 21. Rfd1 Bg4 22. f3 exf3 23. gxf3 Bh3 24. Kf2 Bb6 25. Kg3 Bd7 26. e4 Kf8
27. f4 Red8 28. Nf3 Be6 29. Bxe6 fxe6 30. h4 Ke7 31. h5 Rxd1 32. Rxd1 Bc7 33.
e5 Bb6 34. Nh4 Rc8 35. Ng6+ Ke8 36. Rd6 Rc6 37. Rxc6 bxc6 38. Kf3 Kd7 39. Ke4
a5 40. a4 Bc5 41. b3 Bb4 42. f5 Bc5 43. Nf4 exf5+ 44. Kxf5 Be3 45. Ne6 c5 46.
Nxg7 Ke7 47. Ne6 Bf2 48. Nf4 Kf7 49. e6+ Ke7 50. Nd5+ Kd6 51. e7 Kd7 52. Kf6
1-0

[Event "ch-CHN w 2013"]
[Site "Xinghua CHN"]
[Date "2013.04.25"]
[Round "9.6"]
[White "Wang, Jue"]
[Black "Ren, Xiaoyi"]
[Result "1-0"]
[WhiteElo "2401"]
[BlackElo "2212"]
[PlyCount "61"]
[EventDate "2013.04.16"]

1. e4 e5 2. Nf3 Nc6 3. Bb5 a6 4. Ba4 Nf6 5. O-O b5 6. Bb3 Be7 7. Re1 d6 8. c3
O-O 9. h3 Na5 10. Bc2 c5 11. d4 Qc7 12. Nbd2 cxd4 13. cxd4 Bd7 14. Nf1 Rfc8 15.
Ne3 Nc6 16. a3 Nxd4 17. Nxd4 exd4 18. Qxd4 d5 19. e5 Bc5 20. Qf4 Re8 21. Nf1
Ne4 22. Be3 Bxe3 23. Nxe3 Bc6 24. Bxe4 dxe4 25. Rac1 Rac8 26. Rc5 Qd7 27. Rd1
Qa7 28. b4 h6 29. Nf5 Re6 30. Nd6 Rc7 31. Rdc1 1-0

[Event "ch-CHN w 2013"]
[Site "Xinghua CHN"]
[Date "2013.04.26"]
[Round "10.1"]
[White "Kuang, Yinghui"]
[Black "Ren, Xiaoyi"]
[Result "1/2-1/2"]
[WhiteElo "2212"]
[BlackElo "2212"]
[PlyCount "61"]
[EventDate "2013.04.16"]

1. e4 e5 2. Nf3 Nc6 3. Bb5 a6 4. Ba4 Nf6 5. d3 b5 6. Bb3 Be7 7. O-O d6 8. a4
Rb8 9. axb5 axb5 10. Nc3 Bg4 11. Be3 O-O 12. h3 Be6 13. Nd2 Bxb3 14. Nxb3 d5
15. Bg5 Nb4 16. exd5 Nfxd5 17. Bxe7 Qxe7 18. Nxd5 Nxd5 19. Qf3 Qd6 20. d4 Rfe8
21. dxe5 Qxe5 22. c3 Nf4 23. Nd4 Ne2+ 24. Nxe2 Qxe2 25. Qxe2 Rxe2 26. Ra7 c5
27. Rd1 Rxb2 28. Rd5 g6 29. Rxc5 Rd8 30. Rb7 Rd1+ 31. Kh2 1/2-1/2

[Event "ch-CHN w 2013"]
[Site "Xinghua CHN"]
[Date "2013.04.26"]
[Round "10.3"]
[White "Ding, Yixin"]
[Black "Lei, Tingjie"]
[Result "1-0"]
[WhiteElo "2427"]
[BlackElo "2232"]
[PlyCount "101"]
[EventDate "2013.04.16"]

1. e4 e6 2. d4 d5 3. Nc3 dxe4 4. Nxe4 Bd7 5. Nf3 Bc6 6. Bd3 Nd7 7. Qe2 Ngf6 8.
Ng3 Bxf3 9. Qxf3 c6 10. O-O Be7 11. b3 O-O 12. Bb2 Qa5 13. a3 Rfe8 14. Rfe1
Rad8 15. c4 Bf8 16. Bc2 Qg5 17. h3 g6 18. Re2 Bg7 19. Rae1 Qh4 20. b4 a6 21.
Bb3 Nb6 22. a4 Rf8 23. Bc3 Rd7 24. Nf1 Rfd8 25. Nd2 Nc8 26. Qd3 Nh5 27. Re4 Qe7
28. g4 Nf6 29. R4e2 h5 30. Qg3 hxg4 31. hxg4 Qd6 32. Qf3 Nh7 33. Ne4 Qc7 34.
Nc5 Re7 35. Qe3 Bf6 36. Ne4 Bg7 37. Kg2 Nd6 38. Nc5 b6 39. Nd3 b5 40. c5 Ne8
41. Rh1 Nhf6 42. Qh3 Nd5 43. Bd2 Red7 44. Ne5 Ndf6 45. Bh6 Bh8 46. Bf4 Bg7 47.
Nxg6 Qc8 48. Rxe6 Qb7 49. Qh8+ Bxh8 50. Rxh8+ Kg7 51. Bh6+ 1-0

[Event "ch-CHN w 2013"]
[Site "Xinghua CHN"]
[Date "2013.04.26"]
[Round "10.5"]
[White "Tan, Zhongyi"]
[Black "Zhai, Mo"]
[Result "1/2-1/2"]
[WhiteElo "2483"]
[BlackElo "2259"]
[PlyCount "110"]
[EventDate "2013.04.16"]

1. Nf3 Nf6 2. c4 e6 3. Nc3 Bb4 4. Qc2 c5 5. a3 Ba5 6. g3 O-O 7. Bg2 Nc6 8. O-O
a6 9. Rd1 Bb6 10. d3 h6 11. Rb1 Qe7 12. b4 cxb4 13. axb4 Nxb4 14. Qa4 a5 15.
Ba3 Ra6 16. Bxb4 axb4 17. Qxb4 d6 18. Ra1 Qd8 19. Nb5 Ba5 20. Qb2 Qb6 21. Rdb1
Bd7 22. Nfd4 Rb8 23. Nb3 Bb4 24. Nc1 Be1 25. d4 Bxb5 26. Nd3 Qc7 27. cxb5 Bc3
28. Qc2 Rxa1 29. Rxa1 Rc8 30. Rc1 d5 31. e3 Ne8 32. Qb3 Qc4 33. Qxc4 Rxc4 34.
Nc5 Nd6 35. Bf1 Bd2 36. Ra1 Rb4 37. Ra2 Be1 38. Ra8+ Kh7 39. Rb8 Bd2 40. Bd3+
g6 41. Kf1 Kg7 42. h4 Kf6 43. Ke2 Bc3 44. Nd7+ Ke7 45. Ne5 Rb2+ 46. Kf1 h5 47.
Be2 Ba5 48. Ra8 Bc7 49. Ra7 Bb6 50. Ra8 Nxb5 51. Bxb5 Rxb5 52. Rc8 Rb2 53. Kg2
Ba5 54. Kf3 Rb1 55. Kg2 Rb2 1/2-1/2

[Event "ch-CHN w 2013"]
[Site "Xinghua CHN"]
[Date "2013.04.26"]
[Round "10.6"]
[White "Ni, Shiqun"]
[Black "Guo, Qi"]
[Result "0-1"]
[WhiteElo "2213"]
[BlackElo "2439"]
[PlyCount "114"]
[EventDate "2013.04.16"]

1. e4 c6 2. d4 d5 3. Nd2 dxe4 4. Nxe4 Nd7 5. Bc4 Ngf6 6. Nxf6+ Nxf6 7. Nf3 Bf5
8. c3 e6 9. Nh4 Bg4 10. Qd3 Bd6 11. h3 Bh5 12. Bd2 Nd7 13. Nf3 Qc7 14. Qe2
O-O-O 15. O-O-O c5 16. g4 Bg6 17. Be3 Nb6 18. dxc5 Bxc5 19. Bxc5 Qxc5 20. Bb3
Nd5 21. Bc2 Nf4 22. Qe3 Qxe3+ 23. fxe3 Rxd1+ 24. Kxd1 Rd8+ 25. Nd4 Nd3 26. Bxd3
Bxd3 27. Ke1 e5 28. Nf3 f6 29. Rh2 Bb1 30. a3 Be4 31. Nd2 Bc6 32. Rf2 Kd7 33.
Ke2 Ke6 34. e4 Rh8 35. Rg2 Kf7 36. Rg3 g6 37. Kd3 h5 38. b4 hxg4 39. hxg4 Bd7
40. Nf1 Bb5+ 41. c4 Rd8+ 42. Kc3 Rc8 43. Ne3 Bxc4 44. Nxc4 b5 45. Rh3 Rxc4+ 46.
Kd3 Kg7 47. Rh1 a6 48. Rf1 Rd4+ 49. Ke3 a5 50. Rb1 axb4 51. g5 f5 52. Rxb4 Rxb4
53. axb4 Kf7 54. Kf3 fxe4+ 55. Kxe4 Ke6 56. Kd3 Kd5 57. Ke3 e4 0-1

[Event "ch-CHN w 2013"]
[Site "Xinghua CHN"]
[Date "2013.04.27"]
[Round "11.2"]
[White "Zhai, Mo"]
[Black "Ni, Shiqun"]
[Result "1-0"]
[WhiteElo "2259"]
[BlackElo "2213"]
[PlyCount "53"]
[EventDate "2013.04.16"]

1. e4 c5 2. Nf3 Nc6 3. d4 cxd4 4. Nxd4 Nf6 5. Nc3 e5 6. Ndb5 d6 7. Bg5 a6 8.
Na3 b5 9. Nd5 Be7 10. Bxf6 Bxf6 11. c3 O-O 12. Nc2 Bg5 13. a4 bxa4 14. Rxa4 a5
15. Bc4 Rb8 16. b3 Kh8 17. Nce3 g6 18. Qe2 f5 19. h4 Bf4 20. h5 Kg7 21. hxg6
hxg6 22. exf5 Bxf5 23. Nxf5+ Rxf5 24. Bd3 Rf6 25. g3 Bg5 26. Qg4 Rf8 27. Rh7+
1-0

[Event "ch-CHN w 2013"]
[Site "Xinghua CHN"]
[Date "2013.04.27"]
[Round "11.4"]
[White "Lei, Tingjie"]
[Black "Li, Xueyi"]
[Result "1/2-1/2"]
[WhiteElo "2232"]
[BlackElo "2135"]
[PlyCount "140"]
[EventDate "2013.04.16"]

1. d4 Nf6 2. c4 e6 3. g3 d5 4. Nf3 dxc4 5. Bg2 Be7 6. O-O O-O 7. Qc2 a6 8. Qxc4
b5 9. Qc2 Bb7 10. Bd2 Nbd7 11. Ba5 Ra7 12. Nbd2 Qa8 13. b4 Bd5 14. Rfc1 Ne4 15.
Nxe4 Bxe4 16. Qd2 Nb6 17. Qe3 Nc4 18. Rxc4 bxc4 19. Rc1 Bd5 20. Bf1 Bd8 21. Ne5
c5 22. dxc5 Bxa5 23. bxa5 Rc7 24. Nxc4 Bxc4 25. Rxc4 Qd5 26. Qc3 Rfc8 27. Bg2
Qd1+ 28. Bf1 Rc6 29. e3 h5 30. h4 Qb1 31. Qe5 Qf5 32. Qxf5 exf5 33. Rb4 Rxc5
34. Bxa6 Ra8 35. Bc4 Rcxa5 36. Rb7 R5a7 37. Bxf7+ Kf8 38. Rxa7 Rxa7 39. Bxh5
Ke7 40. Bf3 Rxa2 41. e4 Kf6 42. Kg2 Rb2 43. exf5 Kxf5 44. Bc6 Rb6 45. Bf3 Rb2
46. Bc6 Rb6 47. Bf3 Rb2 48. Bd5 Rd2 49. Bc4 Rd4 50. Bb3 Rd2 51. Bg8 Rb2 52. Kf3
Ke5 53. g4 Rb8 54. Bc4 Rb4 55. Bd3 Rf4+ 56. Kg3 Rd4 57. Bf5 Rb4 58. h5 Rf4 59.
Bg6 Ra4 60. f3 Rb4 61. g5 Ra4 62. Bc2 Rc4 63. Bd3 Rd4 64. Be4 Ra4 65. Kg4 Rb4
66. Kg3 Ra4 67. Kf2 Kf4 68. h6 gxh6 69. gxh6 Ra2+ 70. Kg1 Kg3 1/2-1/2